[Event "27th CRO-chT Women 2018"]
[Site "Biograd"]
[Date "2018.09.13"]
[Round "7.4"]
[White "Dejanovic, Tereza"]
[Black "Golub, Nikolina"]
[Result "1-0"]
[WhiteElo "1815"]
[BlackElo "1839"]
[Annotator "NA RC"]
[PlyCount "153"]
[EventDate "2018.09.08"]
[EventType "team-tourn"]
[EventCountry "CRO"]
[SourceTitle "playchess.com"]
[Source "ChessBase"]
[SourceQuality "1"]
[TimeControl "40/5400+30:1800+30"]

1. e4 {[%emt 0:00:30]} c5 {[%emt 0:00:30]} 2. c3 {[%emt 0:00:00]} Nf6 {[%emt 0:00:00]} 3. e5 {[%emt 0:00:00]} Nd5 {[%emt 0:00:00]} 4. d4 {[%emt 0:00:00]} cxd4 {[%emt 0:00:00]} 5. Nf3 {[%emt 0:00:00]} e6 {[%emt 0:00:00]} 6. cxd4 {[%emt 0:00:30]} b6 {[%emt 0:00:00]} 7. Be2 {[%emt 0:00:30]} Ba6 {[%emt 0:02:00]} 8. O-O {[%emt 0:01:30]} Be7 {[%emt 0:00:30]} 9. Nc3 {[%emt 0:02:30]} Nxc3 {[%emt 0:02:30]} 10. bxc3 {[%emt 0:00:30]} O-O {[%emt 0:02:30]} 11. Bxa6 {[%emt 0:03:30]} Nxa6 {[%emt 0:00:30]} 12. Qd3 {[%emt 0:00:30] B22: Sicilian: 2 c3} Nc7 {[%emt 0:00:30]} 13. c4 {[%emt 0:01:30]} d5 {[%emt 0:05:30]} 14. exd6 {[%emt 0:02:30]} Qxd6 {[%emt 0:00:30]} 15. a4 {[%emt 0:02:30] [#]} f6 $146 {[%emt 0:04:30]} (15... Na6 $11) ({Predecessor:} 15... Rfe8 16. Ba3 Qd8 17. Bxe7 Rxe7 18. a5 h6 19. axb6 axb6 20. Qe4 Rc8 21. Ne5 Qd6 22. Qb7 Ree8 23. Rfd1 Rb8 {½-½ (23) Fiebig,T (2401)-Krejci,J (2533) Germany 2014}) 16. Re1 {[%emt 0:09:30]} Qd7 {[%emt 0:06:30]} 17. Ba3 {[%emt 0:04:30]} Bxa3 {[%emt 0:01:30]} 18. Qxa3 {[%emt 0:00:00]} Rfd8 {[%emt 0:02:30]} 19. Rac1 {[%emt 0:17:00]} Rac8 {[%emt 0:04:30]} 20. Qb3 {[%emt 0:02:30]} Kf7 {[%emt 0:07:30]} 21. Rc3 {[%emt 0:05:30]} Qc6 {[%emt 0:06:30]} 22. a5 {[%emt 0:04:30]} Nb5 {[%emt 0:03:30]} 23. cxb5 {[%emt 0:05:30]} Qxc3 {[%emt 0:03:30]} 24. Qxe6+ {[%emt 0:00:30]} Kg6 {[%emt 0:00:30]} 25. Ne5+ {[%emt 0:14:30]} Kh6 {[%emt 0:01:30]} 26. Nf7+ {[%emt 0:01:30]} Kg6 {[%emt 0:00:30]} 27. Nxd8 {[%emt 0:00:30]} Rxd8 {[%emt 0:01:30]} 28. axb6 {[%emt 0:00:30]} axb6 {[%emt 0:00:30]} 29. Qe4+ {[%emt 0:00:30]} Kh6 {[%emt 0:02:30]} 30. Qe3+ {[%emt 0:01:30]} Qxe3 {[%emt 0:00:30]} 31. fxe3 {[%emt 0:00:00]} Rd5 {[%emt 0:00:30]} 32. Rb1 {[%emt 0:01:00]} f5 {[%emt 0:01:30]} 33. Rb4 {[%emt 0:00:30]} Kg5 {[%emt 0:00:30]} 34. Kf2 {[%emt 0:00:30]} h6 {[%emt 0:03:30]} 35. Ke2 {[%emt 0:01:02]} Kf6 {[%emt 0:01:30]} 36. Kd3 {[%emt 0:00:57]} g6 {[%emt 0:08:30]} 37. Kc4 {[%emt 0:00:40]} Rd8 {[%emt 0:01:30]} 38. Ra4 {[%emt 0:04:08]} Rc8+ {[%emt 0:04:30]} 39. Kd3 {[%emt 0:04:25]} Ke6 {[%emt 0:02:30]} 40. Ra6 {[%emt 0:00:00]} Rb8 {[%emt 0:00:00]} 41. Ra7 {[%emt 0:07:18]} h5 {[%emt 0:05:00]} 42. h4 {[%emt 0:01:30]} Kf6 {[%emt 0:03:30]} 43. Rc7 {[%emt 0:00:30]} Ke6 {[%emt 0:01:30]} 44. Rc6+ {[%emt 0:03:30]} Kf7 {[%emt 0:00:30]} 45. d5 {[%emt 0:00:00]} Rd8 {[%emt 0:03:30]} 46. Kd4 {[%emt 0:00:00]} Re8 {[%emt 0:00:30]} 47. Rxb6 {[%emt 0:01:30]} Re4+ {[%emt 0:00:30]} 48. Kc5 {[%emt 0:06:30]} Rxe3 {[%emt 0:01:30]} 49. Re6 {[%emt 0:00:00]} Rc3+ {[%emt 0:02:30]} 50. Kd6 {[%emt 0:02:00]} Rb3 {[%emt 0:01:30]} 51. Kc6 {[%emt 0:00:30]} Rc3+ {[%emt 0:00:00]} 52. Kd7 {[%emt 0:00:30]} Rc5 {[%emt 0:01:00]} 53. d6 $2 {[%emt 0:04:30]} (53. b6 Rxd5+ 54. Rd6) 53... Rxb5 {[%emt 0:00:30]} 54. Re2 {[%emt 0:01:28]} Rb4 {[%emt 0:02:30]} 55. Rd2 {[%emt 0:05:16]} Rc4 {[%emt 0:01:30]} 56. Rd3 {[%emt 0:04:16]} Rc2 $2 {[%emt 0:01:30]} (56... Rxh4 $11 57. Rc3 Ra4) 57. g3 {[%emt 0:00:11]} Rc1 {[%emt 0:01:30]} 58. Kd8 {[%emt 0:04:33]} Ra1 {[%emt 0:14:49]} 59. d7 {[%emt 0:03:04]} Rc1 {[%emt 0:00:57]} 60. Rd6 {[%emt 0:01:37]} Rc3 {[%emt 0:01:08]} 61. Ra6 {[%emt 0:00:35]} Rc1 {[%emt 0:02:21]} 62. Ra8 {[%emt 0:02:02]} Rc3 {[%emt 0:04:39]} 63. Rc8 {[%emt 0:00:04]} Rxg3 {[%emt 0:01:38]} 64. Kc7 {[%emt 0:00:14]} Rc3+ {[%emt 0:00:46]} 65. Kb6 {[%emt 0:00:17]} Rd3 {[%emt 0:00:14]} 66. d8=Q {[%emt 0:00:10]} Rxd8 {[%emt 0:00:07]} 67. Rxd8 {[%emt 0:00:02]} Kf6 {[%emt 0:00:21]} 68. Kc5 {[%emt 0:01:16]} f4 {[%emt 0:03:03]} 69. Rd5 {[%emt 0:01:32]} f3 {[%emt 0:01:35]} 70. Rd3 {[%emt 0:00:10]} Kf5 {[%emt 0:00:28]} 71. Rxf3+ {[%emt 0:00:15]} Kg4 {[%emt 0:00:12]} 72. Rf6 {[%emt 0:00:10]} g5 {[%emt 0:00:07]} 73. hxg5 {[%emt 0:00:14]} Kxg5 {[%emt 0:00:09]} 74. Rf8 {[%emt 0:01:47]} h4 {[%emt 0:00:03]} 75. Kd4 {[%emt 0:00:07]} Kg4 {[%emt 0:00:11]} 76. Ke3 {[%emt 0:00:07]} h3 {[%emt 0:00:22]} 77. Kf2 {[%emt 0:00:00]} 1-0

[Event "27th CRO-chT Women 2018"]
[Site "Biograd"]
[Date "2018.09.13"]
[Round "7.5"]
[White "Lakos, Nikoletta"]
[Black "Janzelj, Lara"]
[Result "0-1"]
[WhiteElo "2258"]
[BlackElo "2254"]
[Annotator "NA"]
[PlyCount "80"]
[EventDate "2018.09.08"]
[EventType "team-tourn"]
[EventCountry "CRO"]
[SourceTitle "playchess.com"]
[Source "ChessBase"]
[SourceQuality "1"]
[TimeControl "40/5400+30:1800+30"]

1. e4 {[%emt 0:00:30]} e5 {[%emt 0:00:30]} 2. Nf3 {[%emt 0:00:00]} Nc6 {[%emt 0:00:00]} 3. Bc4 {[%emt 0:00:00]} Nf6 {[%emt 0:00:00]} 4. d3 {[%emt 0:00:30]} h6 {[%emt 0:00:00]} 5. c3 {[%emt 0:03:30]} d6 {[%emt 0:01:00]} 6. Bb3 {[%emt 0:03:30]} g5 {[%emt 0:06:30] C55: Zweispringerspiel} (6... Qe7 7. Nbd2 g6 8. Nf1 Bg7 9. Ne3 O-O 10. O-O Nd8 11. Re1 c6 12. h3 Ne6 13. g3 Nc5 14. Kg2 Nxb3 15. axb3 {0-1 (44) Tsydypov,Z (2529)-Fedoseev,V (2731) Sochi 2017}) 7. Nbd2 $146 {[%emt 0:26:30]} ({Vorgänger:} 7. h4 g4 8. Nh2 Ne7 9. Nd2 d5 10. Qe2 d4 11. Nc4 Ng6 12. h5 Nxh5 13. Nxg4 Nhf4 14. Bxf4 Nxf4 {1-0 (29) Kofidis,A (2415)-Tsougievski Nikea 2000}) 7... Bg7 {[%emt 0:01:30]} 8. Nc4 {[%emt 0:08:30]} Be6 {[%emt 0:06:30]} 9. Ne3 {[%emt 0:17:30]} d5 {[%emt 0:10:30]} 10. Ba4 {[%emt 0:01:30]} O-O {[%emt 0:04:30]} 11. Bxc6 {[%emt 0:02:30]} bxc6 {[%emt 0:00:30]} 12. Nxe5 {[%emt 0:00:30]} dxe4 {[%emt 0:15:30]} 13. dxe4 {[%emt 0:02:30]} Qe8 {[%emt 0:04:30]} 14. Qa4 {[%emt 0:10:50]} (14. f3 $11 {keeps the balance.}) 14... c5 {[%emt 0:04:30]} 15. Qxe8 {[%emt 0:03:43]} Rfxe8 {[%emt 0:00:30]} 16. f3 {[%emt 0:04:18]} Nxe4 {[%emt 0:01:30]} 17. fxe4 {[%emt 0:01:08]} Bxe5 {[%emt 0:00:30]} 18. O-O {[%emt 0:00:47]} Rad8 {[%emt 0:02:30]} 19. h3 {[%emt 0:02:08]} Kg7 {[%emt 0:05:30]} 20. Rd1 {[%emt 0:03:52]} Kg6 {[%emt 0:05:30]} 21. Rxd8 {[%emt 0:01:08]} Rxd8 {[%emt 0:00:30]} 22. Kf2 {[%emt 0:00:12]} Bc8 {[%emt 0:02:30]} 23. Nd5 {[%emt 0:00:44]} Rd7 {[%emt 0:02:30]} 24. Ne3 {[%emt 0:00:46]} Bb7 {[%emt 0:00:30]} 25. Nc4 {[%emt 0:00:36]} Bg7 {[%emt 0:02:30]} 26. Be3 {[%emt 0:00:16]} Bxe4 {[%emt 0:01:30]} 27. Bxc5 {[%emt 0:00:06]} a6 {[%emt 0:02:28]} 28. g3 {[%emt 0:02:18]} (28. Be3 $15) 28... Rd5 {[%emt 0:01:00]} 29. Be3 {[%emt 0:00:42]} Rf5+ {[%emt 0:03:17]} 30. Ke2 {[%emt 0:00:11]} Bf3+ {[%emt 0:00:12]} 31. Kd2 {[%emt 0:01:25] [#]} (31. Kd3 {ist eine bessere Verteidigung.}) 31... Bd5 $1 {[%emt 0:00:36]} 32. Na3 {[%emt 0:01:40]} Rf3 $19 {[%emt 0:00:20]} 33. Rg1 {[%emt 0:00:23]} Be5 {[%emt 0:00:23]} 34. Nc2 {[%emt 0:00:41]} Rxg3 {[%emt 0:01:24]} 35. Nd4 {[%emt 0:00:51]} Rxg1 {[%emt 0:00:39]} 36. Bxg1 {[%emt 0:00:04]} Bg2 {[%emt 0:00:27]} 37. h4 {[%emt 0:00:16]} gxh4 {[%emt 0:00:40]} 38. Ke2 {[%emt 0:00:26]} h3 {[%emt 0:00:20]} 39. Nf3 {[%emt 0:00:11]} Bxf3+ {[%emt 0:00:09]} 40. Kxf3 {[%emt 0:00:00]} h2 {[%emt 0:00:00]} 0-1

[Event "27th CRO-chT Women 2018"]
[Site "Biograd"]
[Date "2018.09.13"]
[Round "7.6"]
[White "Kruljac, Petra"]
[Black "Stadler, Brigita"]
[Result "1/2-1/2"]
[WhiteElo "2069"]
[BlackElo "2067"]
[Annotator "NA"]
[PlyCount "40"]
[EventDate "2018.09.08"]
[EventType "team-tourn"]
[EventCountry "CRO"]
[SourceTitle "playchess.com"]
[Source "ChessBase"]
[SourceQuality "1"]
[TimeControl "40/5400+30:1800+30"]

1. b3 {[%emt 0:03:30]} Nf6 {[%emt 0:00:30]} 2. Bb2 {[%emt 0:00:00]} d5 {[%emt 0:01:30]} 3. e3 {[%emt 0:00:00]} Bf5 {[%emt 0:00:30]} 4. f4 {[%emt 0:01:30]} e6 {[%emt 0:02:30]} 5. Nf3 {[%emt 0:01:30]} Nbd7 {[%emt 0:01:30]} 6. Be2 {[%emt 0:00:00]} Ne4 {[%emt 0:04:30]} 7. O-O {[%emt 0:03:00]} Ndf6 {[%emt 0:09:30]} 8. Ne5 {[%emt 0:01:30]} h5 {[%emt 0:05:30]} 9. d3 {[%emt 0:10:30]} Nd6 {[%emt 0:00:30]} 10. c4 {[%emt 0:12:30]} c6 {[%emt 0:11:30]} 11. c5 {[%emt 0:10:30]} Nb5 {[%emt 0:00:30]} 12. b4 {[%emt 0:01:30]} a5 {[%emt 0:03:30]} 13. a3 {[%emt 0:10:30]} axb4 $16 {[%emt 0:03:30]} 14. axb4 {[%emt 0:00:00]} Rxa1 {[%emt 0:01:30]} 15. Bxa1 {[%emt 0:00:00]} Qa8 {[%emt 0:00:30]} 16. Bb2 {[%emt 0:00:30]} Be7 {[%emt 0:04:30]} 17. Bf3 {[%emt 0:08:30]} b6 {[%emt 0:09:30]} 18. e4 {[%emt 0:10:30]} Bg4 {[%emt 0:02:30]} 19. Bxg4 {[%emt 0:03:39]} hxg4 {[%emt 0:00:30]} 20. Nxg4 {[%emt 0:02:35]} bxc5 {[%emt 0:00:30]} 1/2-1/2

[Event "27th CRO-chT Women 2018"]
[Site "Biograd"]
[Date "2018.09.13"]
[Round "7.9"]
[White "Videnova, Iva"]
[Black "Kejzar, Petra"]
[Result "1-0"]
[WhiteElo "2336"]
[BlackElo "2067"]
[Annotator "TA"]
[PlyCount "137"]
[EventDate "2018.09.08"]
[EventType "team-tourn"]
[EventCountry "CRO"]
[SourceTitle "playchess.com"]
[Source "ChessBase"]
[SourceQuality "1"]

{[%evp 16,137,42,42,56,47,62,20,47,39,75,11,79,56,50,37,49,0,75,0,0,0,0,-14,-8,-28,0,-158,-143,-135,-136,-138,-93,-75,-76,-216,-153,-133,-131,-129,-127,-111,-77,-65,-61,-28,-43,-25,-38,-25,-8,-10,100,94,111,99,103,64,83,69,133,0,28,25,36,36,49,0,4,0,0,0,0,-4,-6,-20,0,0,0,0,231,233,464,535,523,396,312,0,0,0,40,0,0,0,8,0,0,0,0,0,175,152,3025,1916,2847,1634,2327,2584,3526,1025,2179,1585,29983,29984,29984,29985,29985,29986,29986,29987,29987,29988,29993,29990]} 1. e4 c5 2. Nf3 e6 3. d4 cxd4 4. Nxd4 Nc6 5. Nc3 Qc7 6. Be3 a6 7. Qf3 {B48: Sicilian: Taimanov: 5 Nc3 Qc7 6 Be3 a6 without Be2} Nf6 8. O-O-O Be7 (8... Ne5 9. Qg3 b5 10. a3 Bb7 11. Bxb5 Rc8 12. Ba4 Nxe4 13. Nxe4 Bxe4 14. Bf4 Qc4 15. Bxe5 Qxa4 {1-0 (38) Vachier Lagrave,M (2789)-Anand,V (2776) Karlsruhe/Baden-Baden 2018}) 9. Kb1 {LiveBook: 15 Games. White is slightly better.} h5 $146 ({Predecessor:} 9... O-O 10. g4 Ne5 11. Qg3 Nfxg4 12. Rg1 g6 13. Bc1 Nf6 14. Qh4 Qd8 {½-½ (42) Le Hetet,N (2358)-Todorov,T (2475) Asnieres sur Seine 2018}) 10. Nxc6 bxc6 11. h3 h4 12. Bc4 Bb7 13. Rhe1 (13. Bf4 $16 Qb6 14. e5) 13... d6 (13... d5 $11 {keeps the balance.} 14. Bf4 (14. exd5 $2 cxd5 15. Bb3 d4 $17) 14... Qa5) 14. Bf4 Nd7 15. Bb3 Nc5 16. Bc4 a5 (16... Nd7 $11 {remains equal.}) 17. Qe3 (17. Rd2 $16) 17... e5 $11 18. Bh2 $1 Ba6 19. Bxa6 Rxa6 20. f4 O-O 21. g3 $2 (21. fxe5 $11 dxe5 22. Rf1) 21... Rb8 $36 {[%mdl 2048] Black is on the roll.} 22. Ka1 Qb7 {[%csl Gb8][%cal Rb7b2]} 23. Rb1 a4 24. a3 Rb6 {[%cal Rb6b2]} 25. Nd1 (25. Qc1 $17 {was forced.}) 25... Ne6 26. Bg1 Nd4 27. Qd3 c5 28. Bxd4 exd4 29. g4 {[%cal Bg3g4,Bg4g5][%mdl 32]} d5 30. exd5 c4 31. Qxc4 {Ka2 is the strong threat.} Bxa3 $1 32. Qxd4 Be7 33. g5 a3 (33... Bd6 $11) 34. b3 $16 Rb4 35. Qe5 a2 36. Rb2 Bc5 {next ...Bd4 is good for Black.} 37. g6 fxg6 ({Black should try} 37... Rf8 $1 $14) 38. Re4 (38. d6 $16 Ba7 39. Qe6+ (39. Kxa2 Bd4 $14) 39... Kh8 40. Qxg6) 38... Rxe4 39. Qxe4 Qd7 40. Qd3 Rf8 41. b4 {[%cal Bb3b4,Bb4b5,Bb5b6,Bb6b7][%mdl 32]} Bd6 42. b5 Bxf4 43. b6 g5 44. b7 Rb8 45. Qb3 Be5 46. c3 {And now Nf2 would win.} Qxh3 47. d6+ $1 {[%cal Bd5d6,Bd6d7][%mdl 32]} ({Don't go for} 47. Rxa2 $2 Qf1 $17) 47... Kh8 $2 (47... Kh7 $1 $11 {and Black stays safe.} 48. Qd5 Qf1 49. Qe4+ g6 50. Qxe5 Qxd1+ 51. Kxa2 h3) 48. Qd5 $1 $18 {[%cal Rd5e5]} Bxc3 $2 (48... Bf4) 49. Nxc3 Qxc3 {[%mdl 4096] Endgame KQR-KQR} 50. d7 Qf6 51. Qc4 $2 (51. Kxa2 $18 {Black must now prevent Rb5.} Kh7 52. Rb5) 51... Kh7 $11 52. Qc7 Qf1+ 53. Kxa2 Qa6+ 54. Kb1 Qf1+ 55. Kc2 Qe2+ 56. Kb3 Qd3+ 57. Ka2 Qd5+ $2 (57... Qa6+ $11 58. Kb1 Qf1+ 59. Ka2 Qa6+) 58. Rb3 h3 $2 (58... Rf8 $16) 59. Qxb8 $18 Qd2+ {[#]} 60. Rb2 $1 {[%cal Rb2d2]} Qd5+ 61. Ka3 Qd3+ 62. Kb4 Qd4+ {[#]} 63. Ka5 $1 Qc5+ 64. Rb5 {White mates.} Qc3+ 65. Kb6 Qd4+ 66. Rc5 Qb4+ 67. Kc6 Qa4+ 68. Kc7 Qd4 {[#]} 69. Qh8+ $1 {[%mdl 512] Precision: White = 47%, Black = 49%.} 1-0

[Event "27th CRO-chT Women 2018"]
[Site "Biograd"]
[Date "2018.09.13"]
[Round "7.10"]
[White "Sulc, Gordana"]
[Black "Ivekovic, Tihana"]
[Result "0-1"]
[WhiteElo "1866"]
[BlackElo "2114"]
[Annotator "ChessBase"]
[PlyCount "118"]
[EventDate "2018.09.08"]
[EventType "team-tourn"]
[EventCountry "CRO"]
[SourceTitle "playchess.com"]
[Source "ChessBase"]
[SourceQuality "1"]
[TimeControl "40/5400+30:1800+30"]

1. e4 {[%emt 0:00:30]} c5 {[%emt 0:00:30]} 2. Nf3 {[%emt 0:00:00]} e6 {[%emt 0:00:00]} 3. d4 {[%emt 0:00:00]} cxd4 {[%emt 0:00:00]} 4. Nxd4 {[%emt 0:00:00]} a6 {[%emt 0:00:00]} 5. Bd3 {[%emt 0:00:00]} Nf6 {[%emt 0:00:00]} 6. Qe2 {[%emt 0:00:30]} d6 {[%emt 0:00:30]} 7. c4 {[%emt 0:00:30]} Qc7 {[%emt 0:00:00]} 8. O-O {[%emt 0:00:30]} g6 {[%emt 0:00:00]} 9. Nc3 {[%emt 0:01:30]} Bg7 {[%emt 0:00:30]} 10. Be3 {[%emt 0:11:30]} O-O {[%emt 0:00:30]} 11. Rac1 {[%emt 0:00:00]} Nbd7 {[%emt 0:10:30]} 12. Kh1 {[%emt 0:11:00]} b6 {[%emt 0:03:30]} 13. f4 {[%emt 0:02:30]} Bb7 {[%emt 0:02:30]} 14. Bg1 {[%emt 0:04:30]} Nc5 {[%emt 0:05:30]} 15. Bb1 {[%emt 0:00:30]} Rac8 {[%emt 0:01:30]} 16. b3 {[%emt 0:02:30]} Rfe8 {[%emt 0:04:30]} 17. Nf3 {[%emt 0:04:30]} Nh5 {[%emt 0:05:30]} 18. Ne1 {[%emt 0:01:30]} Qc6 {[%emt 0:07:30]} 19. Bxc5 {[%emt 0:07:30]} bxc5 {[%emt 0:02:30]} 20. Nd3 {[%emt 0:00:30]} Bxc3 {[%emt 0:01:30]} 21. Rxc3 {[%emt 0:00:00]} Qxe4 {[%emt 0:00:00]} 22. Nc1 {[%emt 0:07:00]} Qxe2 {[%emt 0:06:00]} 23. Nxe2 {[%emt 0:00:30]} d5 {[%emt 0:00:30]} 24. Ng3 {[%emt 0:03:30]} Nf6 {[%emt 0:00:30]} 25. Re1 {[%emt 0:01:30]} Ng4 {[%emt 0:02:30]} 26. h3 {[%emt 0:00:30]} d4 {[%emt 0:00:00]} 27. hxg4 {[%emt 0:01:30]} dxc3 {[%emt 0:00:00]} 28. Ne2 {[%emt 0:00:00]} Red8 {[%emt 0:00:30]} 29. Nxc3 {[%emt 0:00:00]} Rd4 {[%emt 0:00:30]} 30. Be4 {[%emt 0:01:30]} Bxe4 {[%emt 0:00:30]} 31. Nxe4 {[%emt 0:00:30]} f5 {[%emt 0:02:30]} 32. gxf5 {[%emt 0:02:30]} exf5 {[%emt 0:00:30]} 33. Ng5 {[%emt 0:00:30]} h6 {[%emt 0:01:30]} 34. Nf3 {[%emt 0:00:30]} Re4 {[%emt 0:00:00]} 35. Rd1 {[%emt 0:00:30]} Rc6 {[%emt 0:03:00]} 36. Ne5 {[%emt 0:11:30]} Re6 {[%emt 0:04:30]} 37. Rd8+ {[%emt 0:01:30]} Kg7 {[%emt 0:00:00]} 38. Rd7+ {[%emt 0:04:30]} Kf8 {[%emt 0:01:00]} 39. Rd8+ {[%emt 0:08:10]} Ke7 {[%emt 0:01:30]} 40. Rd7+ {[%emt 0:00:00]} Ke8 {[%emt 0:00:00]} 41. Rd5 {[%emt 0:03:20]} Rxf4 {[%emt 0:01:00]} 42. Nd3 {[%emt 0:01:30]} Rd4 {[%emt 0:05:30]} 43. Nxc5 {[%emt 0:04:30]} Re1+ {[%emt 0:00:30]} 44. Kh2 {[%emt 0:00:30]} Rxd5 {[%emt 0:01:30]} 45. cxd5 {[%emt 0:00:30]} a5 {[%emt 0:00:30]} 46. Nb7 {[%emt 0:10:30]} a4 {[%emt 0:01:30]} 47. bxa4 {[%emt 0:02:30]} Ra1 {[%emt 0:00:30]} 48. Kg3 {[%emt 0:00:30]} Rxa2 {[%emt 0:00:00]} 49. a5 {[%emt 0:00:30]} Ra4 {[%emt 0:03:00]} 50. Kf3 {[%emt 0:00:30]} g5 {[%emt 0:01:30]} 51. g3 {[%emt 0:00:30]} Ra3+ {[%emt 0:00:30]} 52. Kf2 {[%emt 0:00:30]} g4 {[%emt 0:06:30]} 53. Nd6+ {[%emt 0:04:30]} Kd7 {[%emt 0:00:30]} 54. Nc4 {[%emt 0:00:00]} Rc3 {[%emt 0:01:30]} 55. Ne3 {[%emt 0:02:25]} Rc5 {[%emt 0:05:30]} 56. Nxf5 {[%emt 0:02:45]} h5 {[%emt 0:00:00]} 57. Ng7 {[%emt 0:05:51]} Rxd5 {[%emt 0:03:00]} 58. a6 {[%emt 0:00:11]} Kc6 {[%emt 0:00:30]} 59. Ke3 {[%emt 0:05:31]} Rg5 {[%emt 0:00:30]} 0-1

[Event "27th CRO-chT Women 2018"]
[Site "Biograd"]
[Date "2018.09.13"]
[Round "7.11"]
[White "Cvitan, Ena"]
[Black "Mican, Karmela"]
[Result "1-0"]
[WhiteElo "2009"]
[BlackElo "1890"]
[Annotator "NA"]
[PlyCount "31"]
[EventDate "2018.09.08"]
[EventType "team-tourn"]
[EventCountry "CRO"]
[SourceTitle "playchess.com"]
[Source "ChessBase"]
[SourceQuality "1"]
[TimeControl "40/5400+30:1800+30"]

1. d4 {[%emt 0:00:30]} d5 {[%emt 0:00:30]} 2. Nf3 {[%emt 0:00:00]} Nf6 {[%emt 0:00:30]} 3. Bf4 {[%emt 0:00:00]} e6 {[%emt 0:00:30]} 4. e3 {[%emt 0:00:30]} Be7 {[%emt 0:01:30]} 5. Bd3 {[%emt 0:00:30]} Nh5 {[%emt 0:02:30]} 6. Be5 {[%emt 0:04:30]} f6 {[%emt 0:04:30]} 7. Nh4 {[%emt 0:11:30]} fxe5 $2 {[%emt 0:09:30]} (7... g6 $11 8. Bg3 Kf7) 8. Qxh5+ {[%emt 0:00:30]} Kd7 {[%emt 0:00:30]} 9. Nf3 {[%emt 0:00:30]} Nc6 {[%emt 0:03:30]} 10. Bb5 {[%emt 0:06:30]} ({Resist} 10. Nxe5+ $6 Nxe5 11. Qxe5 Bf6 $16) ({But not} 10. dxe5 $6 Nb4 $16) 10... Bf6 {[%emt 0:00:30]} 11. Nxe5+ {[%emt 0:13:30]} Bxe5 {[%emt 0:00:30]} 12. Qxe5 {[%emt 0:00:30]} Qe7 {[%emt 0:00:30]} 13. Nd2 $18 {[%emt 0:01:30]} b6 {[%emt 0:02:30]} 14. c4 {[%emt 0:04:30]} dxc4 {[%emt 0:04:30]} 15. d5 {[%emt 0:04:30]} exd5 {[%emt 0:03:30]} 16. Bxc6+ {[%emt 0:00:30]} 1-0